| 000 | 01126nam a2200241 i 4500 | ||
|---|---|---|---|
| 001 | 125934 | ||
| 003 | ES-MaACL | ||
| 005 | 20230906192726.0 | ||
| 007 | t| | ||
| 008 | 070214m19061907fr r ||||1| fre d | ||
| 245 | 0 | 4 |
_aLes règlements des Assemblées législatives / _cédition et traduction par Félix Moreau et Joseph Delpech ; avec une préface de Charles Benoist. |
| 260 |
_aParis : _bV. Giard & E. Brière, _c1906-1907. |
||
| 300 |
_a2 v. ; _c22 x 14 cm. |
||
| 490 | 1 | _aBibliothèque internationale de droit public | |
| 505 | 8 | _aContiene: t. I: Allemagne (empire, Prusse), Angleterre, Autriche-Hongrie (délégations, parlements autrichien et hongrois), Belgique ---- t. II: Espagne, Etats-Unis, France, Grèce, Italie, Norvège, Pays-Bas, Suède, Suisse (confédération, cantons--Berne, Fribourg, Unterwald-le-Haut) | |
| 650 | 4 |
_aParlamentos- _zEuropa. _9155868 |
|
| 700 | 1 |
_aMoreau, Félix. _983206 |
|
| 700 | 1 |
_aDelpech, Joseph. _943581 |
|
| 700 | 1 |
_aBenoist, Charles. _927745 |
|
| 830 | 0 |
_aBibliothèque internationale de droit public _9180878 |
|
| 852 |
_aES-MaACL _jF-3112-13 |
||
| 999 |
_c125934 _d125934 |
||